Statistics for Country Chain Circle

Click here to take the quiz!

General Stats

  • This quiz has been taken 16 times
  • The average score is 13 of 17

Answers on the Map

Answers color-coded by a green-red scale on the quiz's map according to % correct below.
 

Answer Stats

Country% Correct
Argentina
100%
New Zealand
93%
Niger
93%
Russia
93%
Azerbaijan
87%
Romania
87%
Iraq
87%
Afghanistan
73%
United Kingdom
73%
Djibouti
67%
Nauru
67%
Senegal
67%
Maldives
60%
Nigeria
60%
Oman
60%
Lesotho
53%
Qatar
47%

Score Distribution

Percentile by Number Answered

Percent of People with Each Score

Your Score History

You have not taken this quiz